[Event "FRA-chT U20 1112"]
[Site "France"]
[Date "2011.12.19"]
[Round "7"]
[White "Ralaivao, Maxence"]
[Black "Poulet, Pierre Emmanuel"]
[Result "0-1"]
[WhiteElo "1866"]
[BlackElo "1937"]
[PlyCount "122"]
[EventDate "2011.12.03"]
[EventType "team-swiss"]
[EventRounds "7"]
[EventCountry "FRA"]
[SourceTitle "EXT 2013"]
[Source "ChessBase"]
[SourceDate "2012.11.22"]
[SourceVersion "1"]
[SourceVersionDate "2012.11.22"]
[SourceQuality "1"]

1. d4 Nf6 2. c4 g6 3. Nc3 Bg7 4. e4 d6 5. f4 0-0 6. Be2 c5 7. d5 e6 8. Nf3 exd5 9. cxd5 Re8 10. Nd2 Na6 11. 0-0 c4 12. e5 dxe5 13. fxe5 Rxe5 14. Nxc4 Rf5 15. Rxf5 Bxf5 16. Bf4 Nc5 17. Bf3 Nfe4 18. Be5 Qh4 19. Qd4 Bxe5 20. Nxe5 Qf4 21. Nd3 Nxd3 22. Nxe4 Bxe4 23. Qxe4 Qxe4 24. Bxe4 Nc5 25. Bf3 a5 26. Rc1 b6 27. Kf1 Re8 28. Rc3 Kf8 29. a3 a4 30. Be2 Re5 31. Bc4 Ne4 32. Rc2 Nd6 33. Ba2 b5 34. Rc6 Ke7 35. Rc7+ Kd8 36. Rc6 Kd7 37. Rc3 Re4 38. Rh3 h5 39. Rf3 Ke7 40. Rc3 Nc4 41. Bxc4 Rxc4 42. Rd3 Rc1+ 43. Ke2 Rc2+ 44. Rd2 Rxd2+ 45. Kxd2 Kd6 46. Kc3 Kxd5 47. Kb4 Kc6 48. g3 g5 49. h3 f5 50. Kc3 Kc5 51. Kd3 Kd5 52. Kd2 Kd4 53. Kc2 f4 54. gxf4 gxf4 55. Kd2 f3 56. Ke1 Ke3 57. Kf1 h4 58. Ke1 f2+ 59. Kf1 Kf3 60. b4 axb3 61. a4 b2 0-1

[Event "FRA-chT U20 1112"]
[Site "France"]
[Date "2011.12.04"]
[Round "2"]
[White "Ralaivao, Maxence"]
[Black "Pourquet, Matthieu"]
[Result "0-1"]
[WhiteElo "1866"]
[BlackElo "1822"]
[PlyCount "70"]
[EventDate "2011.12.03"]
[EventType "team-swiss"]
[EventRounds "7"]
[EventCountry "FRA"]
[SourceTitle "EXT 2013"]
[Source "ChessBase"]
[SourceDate "2012.11.22"]
[SourceVersion "1"]
[SourceVersionDate "2012.11.22"]
[SourceQuality "1"]

1. d4 d5 2. c4 e5 3. dxe5 d4 4. a3 Nc6 5. Nf3 Bg4 6. Nbd2 Qe7 7. Qb3 0-0-0 8. g3 f6 9. exf6 Nxf6 10. Bg2 Re8 11. 0-0 Qd7 12. Re1 Bh3 13. Bh1 h5 14. Ng5 h4 15. Ndf3 hxg3 16. fxg3 Bd6 17. Nxh3 Qxh3 18. Bg2 Qh5 19. Qb5 Be5 20. Bf4 a6 21. Qb3 Bxf4 22. gxf4 Ng4 23. h3 Ne3 24. Ng5 Qh4 25. Rf1 Nxg2 26. Kxg2 Rxe2+ 27. Kh1 Re3 28. Qc2 d3 29. Qg2 Rg3 30. Qd2 Nd4 31. Rae1 Ne2 32. Rxe2 dxe2 33. Qxe2 Kb8 34. Qe6 Qh5 35. Qe1 Qxh3+ 0-1

[Event "FRA-chT U20 16 GP Basse 1011"]
[Site "France"]
[Date "2011.06.13"]
[Round "11"]
[White "Ralaivao, Maxence"]
[Black "Figiel, Alexis"]
[Result "0-1"]
[WhiteElo "1888"]
[BlackElo "1889"]
[PlyCount "63"]
[EventDate "2010.06.20"]
[EventType "team-tourn"]
[EventRounds "11"]
[EventCountry "FRA"]
[SourceTitle "EXT 2015"]
[Source "ChessBase"]
[SourceDate "2014.11.20"]
[SourceVersion "1"]
[SourceVersionDate "2014.11.20"]
[SourceQuality "1"]
[WhiteTeam "Paris AECE (U20)"]
[BlackTeam "Potemkine (U20)"]
[WhiteTeamCountry "FRA"]
[BlackTeamCountry "FRA"]

1. d4 Nf6 2. c4 e6 3. a3 b6 4. Nc3 d5 5. Nf3 Be7 6. e3 0-0 7. Bd3 Bb7 8. cxd5 exd5 9. 0-0 Ba6 10. Ne5 Bxd3 11. Qxd3 c6 12. f4 Qc7 13. Bd2 Nfd7 14. Rac1 Qd6 15. Ne2 f5 16. Rf3 Qe6 17. Rh3 c5 18. Ng3 g6 19. Kh1 Nf6 20. Bc3 c4 21. Qe2 Nbd7 22. Rf1 b5 23. Qd2 Rfb8 24. e4 dxe4 25. d5 Nxd5 26. Nxd7 Qxd7 27. Rd1 Rd8 28. Nh5 gxh5 29. Rg3+ Kf8 30. Bg7+ Ke8 31. Qe2 Nxf4 32. Bd4 0-1

[Event "FRA-chT U20 16 GP Basse 1011"]
[Site "France"]
[Date "2011.06.12"]
[Round "8"]
[White "Cohen Solal, Leo"]
[Black "Ralaivao, Maxence"]
[Result "1-0"]
[WhiteElo "1784"]
[BlackElo "1888"]
[PlyCount "67"]
[EventDate "2010.06.20"]
[EventType "team-tourn"]
[EventRounds "11"]
[EventCountry "FRA"]
[SourceTitle "EXT 2015"]
[Source "ChessBase"]
[SourceDate "2014.11.20"]
[SourceVersion "1"]
[SourceVersionDate "2014.11.20"]
[SourceQuality "1"]
[WhiteTeam "Niort (U20)"]
[BlackTeam "Paris AECE (U20)"]
[WhiteTeamCountry "FRA"]
[BlackTeamCountry "FRA"]

1. e4 e6 2. d4 d5 3. Nd2 c5 4. c3 dxe4 5. Nxe4 cxd4 6. cxd4 Nf6 7. Nxf6+ Qxf6 8. Ne2 Bb4+ 9. Nc3 0-0 10. Be3 Rd8 11. a3 Ba5 12. Bd3 Nc6 13. Qh5 g6 14. Qh6 Qg7 15. Qh4 Nxd4 16. 0-0 Nf3+ 17. gxf3 Rxd3 18. Rfd1 Rxd1+ 19. Rxd1 f5 20. Bh6 g5 21. Qa4 Qxh6 22. Qxa5 b6 23. Rd8+ Kg7 24. Qb5 Ba6 25. Qd7+ Kf6 26. Rxa8 Qh3 27. Rf8+ Ke5 28. Nb5 Bxb5 29. Qxb5+ Kd6 30. Qd3+ Kc7 31. Qc4+ Kd6 32. Qd4+ Kc7 33. Qe5+ Kd7 34. Rf7+ 1-0

[Event "FRA-chT U20 16 GP Basse 1011"]
[Site "France"]
[Date "2011.06.12"]
[Round "9"]
[White "Ralaivao, Maxence"]
[Black "Wurtz, Guillaume"]
[Result "1-0"]
[WhiteElo "1888"]
[BlackElo "1947"]
[PlyCount "67"]
[EventDate "2010.06.20"]
[EventType "team-tourn"]
[EventRounds "11"]
[EventCountry "FRA"]
[SourceTitle "EXT 2015"]
[Source "ChessBase"]
[SourceDate "2014.11.20"]
[SourceVersion "1"]
[SourceVersionDate "2014.11.20"]
[SourceQuality "1"]
[WhiteTeam "Paris AECE (U20)"]
[BlackTeam "Bischwiller (U20)"]
[WhiteTeamCountry "FRA"]
[BlackTeamCountry "FRA"]

1. d4 Nf6 2. c4 g6 3. Nc3 Bg7 4. e4 d6 5. f3 0-0 6. Be3 c5 7. d5 e5 8. Bd3 Nh5 9. Nge2 f5 10. exf5 gxf5 11. Qc2 Na6 12. a3 h6 13. 0-0-0 e4 14. fxe4 f4 15. Bd2 Bg4 16. Rdf1 Be5 17. Ng1 Nc7 18. Nf3 Bg7 19. Re1 Qe7 20. e5 dxe5 21. Ne4 Ne8 22. Bc3 Bxf3 23. gxf3 b6 24. Rhg1 Kh8 25. Rg6 Rd8 26. Nf2 Rd6 27. Ng4 Rxg6 28. Bxg6 Qg5 29. Nxe5 Nd6 30. Bxh5 Qxh5 31. Ng6+ Kg8 32. Nxf8 Kxf8 33. Bxg7+ Kxg7 34. Rg1+ 1-0

[Event "FRA-chTA U20 1011"]
[Site "France"]
[Date "2010.11.21"]
[Round "3.2"]
[White "Rouffignac, Tanguy"]
[Black "Ralaivao, Maxence"]
[Result "0-1"]
[WhiteElo "1922"]
[BlackElo "1868"]
[PlyCount "56"]
[EventDate "2010.11.21"]
[EventType "team-tourn"]
[EventRounds "7"]
[EventCountry "FRA"]
[SourceTitle "EXT 2012"]
[Source "ChessBase"]
[SourceDate "2011.11.24"]
[SourceVersion "1"]
[SourceVersionDate "2011.11.24"]
[SourceQuality "1"]
[WhiteTeam "Creteil"]
[BlackTeam "AECE"]
[WhiteTeamCountry "FRA"]
[BlackTeamCountry "FRA"]

1. e4 e6 2. d4 d5 3. e5 c5 4. c3 Qb6 5. Nf3 Nc6 6. a3 Nh6 7. b4 cxd4 8. cxd4 Nf5 9. Bb2 Bd7 10. g4 Nfe7 11. Nc3 Na5 12. Na4 Qc6 13. b5 Qc7 14. Nc5 Nc4 15. Bxc4 dxc4 16. a4 Nd5 17. Ng5 Bxc5 18. dxc5 c3 19. Nxf7 Kxf7 20. Qf3+ Ke8 21. Bxc3 Rf8 22. Qg3 Qxc5 23. Rc1 Nf4 24. Qf3 Qc4 25. Rd1 Rc8 26. Ba5 b6 27. Rxd7 Kxd7 28. Qb7+ Rc7 0-1

[Event "Paris-ch op-A"]
[Site "Paris"]
[Date "2010.07.09"]
[Round "7"]
[White "Ralaivao, Maxence"]
[Black "Frayssinet, Frank"]
[Result "1/2-1/2"]
[WhiteElo "1861"]
[BlackElo "1987"]
[PlyCount "61"]
[EventDate "2010.07.03"]
[EventType "swiss"]
[EventRounds "9"]
[EventCountry "FRA"]
[SourceTitle "CBM 137 Extra"]
[Source "ChessBase"]
[SourceDate "2010.09.01"]
[SourceVersion "1"]
[SourceVersionDate "2010.09.01"]
[SourceQuality "1"]

1. d4 Nf6 2. c4 e6 3. a3 b6 4. Nf3 Bb7 5. e3 Be7 6. Bd3 0-0 7. 0-0 d6 8. Nc3 Nbd7 9. Qe2 e5 10. d5 a5 11. e4 Nc5 12. Bc2 Bc8 13. Ne1 Bg4 14. f3 Bh5 15. Nd3 Nfd7 16. g4 Bg6 17. Qg2 Nxd3 18. Bxd3 Nc5 19. Bc2 Bg5 20. f4 exf4 21. Bxf4 Qf6 22. Bxg5 Qxg5 23. Qg3 Rae8 24. Rae1 Qd2 25. Qf2 Qxf2+ 26. Rxf2 Re5 27. b4 axb4 28. axb4 Na6 29. Rb1 h5 30. h3 f6 31. Bd3 1/2-1/2

[Event "Paris-ch op-A"]
[Site "Paris"]
[Date "2010.07.08"]
[Round "6"]
[White "Olivier, Philippe"]
[Black "Ralaivao, Maxence"]
[Result "1-0"]
[WhiteElo "2029"]
[BlackElo "1861"]
[PlyCount "87"]
[EventDate "2010.07.03"]
[EventType "swiss"]
[EventRounds "9"]
[EventCountry "FRA"]
[SourceTitle "CBM 137 Extra"]
[Source "ChessBase"]
[SourceDate "2010.09.01"]
[SourceVersion "1"]
[SourceVersionDate "2010.09.01"]
[SourceQuality "1"]

1. e4 c5 2. Nf3 d6 3. Bb5+ Bd7 4. Bxd7+ Qxd7 5. c4 g6 6. d4 cxd4 7. Nxd4 Bg7 8. Be3 Nf6 9. f3 0-0 10. Nc3 Nc6 11. 0-0 Rac8 12. b3 h5 13. Qd2 h4 14. Rad1 Kh7 15. Qf2 Rh8 16. Nxc6 bxc6 17. Qxh4+ Kg8 18. Qf2 Qc7 19. g4 Nd7 20. Bd4 Ne5 21. h4 c5 22. Nd5 Qd7 23. Be3 e6 24. Nc3 Qe7 25. Bg5 f6 26. Bf4 a6 27. Kg2 Nf7 28. Ne2 g5 29. hxg5 fxg5 30. Bg3 Rf8 31. Rh1 Be5 32. f4 gxf4 33. Bxf4 Nh6 34. Qg3 Bxf4 35. Nxf4 Qf6 36. Rdf1 Qe5 37. Rh5 Qxe4+ 38. Kg1 Qd4+ 39. Kh2 e5 40. Rg5+ Kh7 41. Ne6 Qd2+ 42. Kh3 Rfg8 43. Rh5 Qe2 44. Rxh6+ 1-0

[Event "Paris-ch op-B"]
[Site "Paris"]
[Date "2009.07.09"]
[Round "6"]
[White "Ralaivao, Maxence"]
[Black "Joussim, Philippe"]
[Result "1-0"]
[WhiteElo "1650"]
[BlackElo "1762"]
[PlyCount "99"]
[EventDate "2009.07.04"]
[EventType "swiss"]
[EventRounds "9"]
[EventCountry "FRA"]
[SourceTitle "EXT 2010"]
[Source "ChessBase"]
[SourceDate "2010.11.25"]
[SourceVersion "1"]
[SourceVersionDate "2010.11.25"]
[SourceQuality "1"]

1. d4 Nf6 2. c4 e6 3. Nc3 Bb4 4. a3 Bxc3+ 5. bxc3 b6 6. Bg5 h6 7. Bh4 Ba6 8. e3 Nc6 9. Bd3 Na5 10. Qe2 d5 11. cxd5 Bxd3 12. Qxd3 Qxd5 13. Nf3 Rc8 14. 0-0 g5 15. Bg3 Ne4 16. Ne5 f5 17. c4 Qd8 18. Qe2 h5 19. h4 Nxg3 20. fxg3 gxh4 21. gxh4 Qf6 22. c5 c6 23. Qa6 Qd8 24. Qxa7 Qc7 25. cxb6 Qxa7 26. bxa7 Rh7 27. Rab1 Rxa7 28. Rfc1 Ke7 29. Kf2 Kd6 30. Rb6 Kc7 31. Rb4 Rb7 32. Rxb7+ Kxb7 33. Nc4 Ka6 34. Nxa5 Kxa5 35. Kf3 Kb6 36. Rc5 Kc7 37. a4 Rg8 38. a5 Rc8 39. e4 fxe4+ 40. Kxe4 Kd6 41. Rxh5 Rb8 42. Rg5 Rb1 43. h5 Re1+ 44. Kf3 Rf1+ 45. Ke2 Rh1 46. a6 Ra1 47. h6 Rxa6 48. h7 Ra2+ 49. Kd3 Ra3+ 50. Kc2 1-0